Nursery Rhymes

Bibliographic Details
Other Authors: Crossley, David
Format: Book
Published: England : Brown Watson , 2005
Series:Easy to read
Subjects:

MARC

LEADER 00000cam a2200000 7i4500
001 0000004276
005 20220105103959.0
008 070725
020 |a 070971338X 
090 0 0 |a JP   |b NS ENG (5303) 
245 0 0 |a Nursery Rhymes   |c Illustrations by David Crossley 
260 |a England :   |b Brown Watson ,   |c 2005 
440 0 |a Easy to read 
500 |a Children age 4-6 years old (yellow) 
650 0 |a Junior fiction   |x English   |x Languages 
650 0 |a Nursery rhymes 
700 0 |a Crossley, David 
999 |a 0000935732   |b Book   |c Children Collection   |e Cawangan Tangkak 
999 |a 0000972155   |b Book   |c Children Collection   |e Perbadanan Perpustakaan Awam Johor 
999 |a 0000982444   |b Book   |c Children Collection   |e Cawangan Pontian 
999 |a 0000982448   |b Book   |c Children Collection   |e Perbadanan Perpustakaan Awam Johor